000 00333nam a2200133 i 4500
001 bg
100 1 _aROŻNOWSKI, Tadeusz
245 0 _aRuchome źródła ciepła w termosprężystości /
_cT.Rożnowski.
260 _aWarszawa,
_c1988.
040 _cBPK
041 _apol
942 _cKS
008 s pl f |000 0 pol
999 _c28644
_d28644
856 _uhttp://koha.tu.koszalin.pl/cgi-bin/koha/opac-detail.pl?biblionumber=28644
_yKatalog online BPK